History of Zomi (Record no. 1673)

MARC details
000 -LEADER
fixed length control field 01088cam a22003137a 4500
001 - CONTROL NUMBER
control field 3821631
003 - CONTROL NUMBER IDENTIFIER
control field GBCCL
005 - DATE AND TIME OF LATEST TRANSACTION
control field 20241126110406.0
007 - PHYSICAL DESCRIPTION FIXED FIELD--GENERAL INFORMATION
fixed length control field heramb---baca
007 - PHYSICAL DESCRIPTION FIXED FIELD--GENERAL INFORMATION
fixed length control field herbmb---baaa
008 - FIXED-LENGTH DATA ELEMENTS--GENERAL INFORMATION
fixed length control field 850906s1985 ii bb 000 0 eng
010 ## -
-- 85910320
020 ## - INTERNATIONAL STANDARD BOOK NUMBER
Terms of availability Rs80.00
025 ## - OVERSEAS ACQUISITION NUMBER
Overseas acquisition number I E 50022
040 ## - CATALOGING SOURCE
Original cataloging agency DLC
Transcribing agency DLC
Modifying agency DLC
043 ## -
-- a-ii---
-- a-bg---
-- a-br---
082 ## - DEWEY DECIMAL CLASSIFICATION NUMBER
Classification number 954.004954
Item number GOU
100 1# - MAIN ENTRY--PERSONAL NAME
Personal name Gougin, T.
9 (RLIN) 3424
245 10 - TITLE STATEMENT
Title History of Zomi
Statement of responsibility, etc. T. Gougin.
250 ## - EDITION STATEMENT
Edition statement 2nd ed.
260 ## - PUBLICATION, DISTRIBUTION, ETC.
Place of publication, distribution, etc. Churachandpur, Manipur :
Name of publisher, distributor, etc. T. Gougin,
Date of publication, distribution, etc. 1986.
300 ## - PHYSICAL DESCRIPTION
Extent 245, [3] p., [18] p. of plates :
Other physical details ill., ports. ;
Dimensions 22 cm.
500 ## - GENERAL NOTE
General note Master microform held by: DLC.
504 ## - BIBLIOGRAPHY, ETC. NOTE
Bibliography, etc. note Bibliography: p. [247]-[248]
520 ## - SUMMARY, ETC.
Summary, etc. On a Tibeto-Burman group of people comprising Lusheis, Kukis, and Chins tribes, chiefly from Mizoram, Bangladesh, and Burma.
533 ## -
-- Microfiche.
-- Washington, D.C. :
-- Library of Congress Photoduplication Service,
-- 1985.
-- 3 microfiche ; 11 x 15 cm.
906 ## - LOCAL DATA ELEMENT F, LDF (RLIN)
a 7
b cbc
c orignew
d 5
e ncip
f 19
g y-genmicro
942 ## - ADDED ENTRY ELEMENTS (KOHA)
Source of classification or shelving scheme Dewey Decimal Classification
Koha item type Archives
Holdings
Withdrawn status Lost status Source of classification or shelving scheme Damaged status Not for loan Home library Current Library Shelving location Date acquired Total checkouts Full call number Barcode Date last seen Copy number Price effective from Koha item type
    Dewey Decimal Classification     GRACE BIBLE COLLEGE GRACE BIBLE COLLEGE Archives 2017-05-10   954.004954 GOU 005440 2025-05-01 c.1 2017-05-10 Archives
© Grace Bible College Library 2025